| 000 | 00681nac a22001931u 4500 | ||
|---|---|---|---|
| 010 | _a78021861 | ||
| 020 | _a8174730877 | ||
| 082 | 0 | 0 |
_a339 _bB8217 |
| 090 |
_c1045 _d1045 |
||
| 100 | _aBranson, William H. | ||
| 245 | 1 | 0 |
_aMacroeconomic theory and policy / _cWilliam H. Branson. |
| 250 | _a2d ed. | ||
| 260 |
_aNew Delhi : _bA. I. T. B. S. publishers and distributers, _c2005. |
||
| 300 |
_axiv, 556 p. : _bill. ; _c24 cm. |
||
| 504 | _aIncludes bibliographies and index. | ||
| 650 | 0 | _aMacroeconomics. | |
| 942 |
_cBB _k339B8217 |
||
| 999 |
_c1045 _d1045 |
||